Statistics for Scottish Islands Map (easier version)

Click here to take the quiz!

General Stats

  • This quiz has been taken 357 times
  • The average score is 13 of 21

Answers on the Map

Answers color-coded by a green-red scale on the quiz's map according to % correct below.
 

Answer Stats

Island GroupArea (ha)Answers% Correct
Inner Hebrides165,625Skye
97%
Outer Hebrides217,898{Lewis} and {Harris}
92%
Inner Hebrides87,535Mull
87%
Firth of Clyde43,201Arran
83%
Inner Hebrides61,956Islay
76%
Outer Hebrides30,305North {Uist}
75%
Outer Hebrides32,026South {Uist}
75%
Inner Hebrides36,692Jura
69%
Firth of Clyde12,217Bute
67%
Outer Hebrides5,875Barra
64%
Orkney52,325Mainland
64%
Shetland96,879Mainland
64%
Inner Hebrides7,834Tiree
60%
Inner Hebrides10,463Rùm
58%
Inner Hebrides7,685Coll
56%
Outer Hebrides8,203Benbecula
51%
Inner Hebrides6,405Raasay
44%
Orkney13,458Hoy
43%
Shetland12,068Unst
43%
Shetland21,211Yell
43%
Orkney5,043Sanday
22%

Score Distribution

Percentile by Number Answered

Percent of People with Each Score

Your Score History

You have not taken this quiz